000 00680nam a2200253Ia 4500
003 OSt
005 20220918163535.0
006 a|||||r|||| 00| 0
007 ta
008 220917b |||||||| |||| 00| 0 eng d
020 _a0091546117
024 _a251,176
037 _cTextual
040 _aARTS
_cARTS
_beng
041 _2eng
_aeng
082 _aY35.3.M<--K, M4
100 _aClark Peter Ed.
_913609
245 0 _aTransformation of English provincial towns 1600-1800
260 _aLondon
_bHutchinson UK
_c1984
300 _a359p.
_ccm.
650 _aSOCIOLOGY
942 _hY35.3.M<--K, M4
_cTEXL
_2CC
999 _c119973
_d119973